| 000 | 00448nam a22001817a 4500 | ||
|---|---|---|---|
| 003 | MPLRDC | ||
| 005 | 20220104143158.0 | ||
| 008 | 210129b ||||| |||| 00| 0 eng d | ||
| 082 | _a411.12 GTCYL | ||
| 100 | _a高藤聪一郎著; 陆明编译 | ||
| 245 |
_a秘法!超级仙术入门 _c |
||
| 250 | _a三版 | ||
| 260 |
_a _b大展出版社 _c1985 |
||
| 300 | _b平 | ||
| 490 | _a健康与美容;44 | ||
| 650 | _a | ||
| 942 |
_cBK _o411.12 GTCYL |
||
| 999 |
_c37380 _d37370 |
||